[Event "HCL-E1500"]
[Site "www.playchess.de"]
[Date "2006.01.09"]
[Round "13"]
[White "mpreuss"]
[Black "Fantaw"]
[WhiteElo "1975"]
[BlackElo "1582"]
[PlyCount "85"]
[Result "1-0"]

1.f4 {hi and good luck !}  d5 2.Nf3 Nf6 3.e3 c5 
4.b3 e6 {Hi! & Good game!}  5.Bb2 Be7 6.Bb5+ Bd7 
7.Bxd7+ Nbxd7 8.O-O Qc7 9.Ne5 Nxe5 10.Bxe5 Qc6 
11.d3 O-O-O 12.b4 d4 13.e4 Nxe4 14.dxe4 f6 15.Qg4 
fxe5 16.Nd2 exf4 17.Qxg7 Bd6 18.Qf6 Kb8 19.e5 Rhg8 
20.Nf3 Bc7 21.bxc5 Rdf8 22.Qe7 Rfe8 23.Qxh7 Ba5 
24.Rab1 Bd2 25.Qxb7+ Qxb7 26.Rxb7+ Kxb7 27.Nxd2 
Ref8 28.Nf3 Kc6 29.Nxd4+ Kd5 30.Rd1 Kxe5 31.Nc6+ 
Kf6 32.Rd4 Kg5 33.Kf2 Rfc8 34.Rd6 Rge8 35.Kf3 e5 
36.Ke4 Re7 37.Nxe7 Rxc5 38.Rg6+ Kh5 {You're very 
lucky!!}  39.Kf5 Rc7 40.Rg5+ {yes, you're right 
... but sometimes even luck bring the win ...}  
Kh6 41.Ng8+ Kh7 42.Nf6+ Kh6 43.Rg6+ 1-0

[Event "HCL-C4020"]
[Site "www.playchess.de"]
[Date "2006.01.09"]
[Round "15"]
[White "Kelthek"]
[Black "Peter_Richard"]
[WhiteElo "597"]
[BlackElo "976"]
[PlyCount "33"]
[Result "1-0"]

1.Nf3 {Hi...good luck}  d5 {Thanks!}  2.c4 c6 3.d4 
Nf6 4.Nbd2 dxc4 5.Nxc4 Bf5 6.Bf4 e6 7.e3 Bb4+ 
8.Ncd2 Ne4 9.Bd3 Qd5 10.O-O O-O 11.Nxe4 Nd7 
12.Neg5 Bxd3 13.Qxd3 Nf6 14.e4 Qb5 15.Qc2 Rac8 
16.e5 Nd5 17.Qxh7+ {Good game} 
 1-0

[Event "HCL-C4007"]
[Site "www.playchess.de"]
[Date "2006.01.09"]
[Round "16"]
[White "Bense"]
[Black "jsteveg"]
[WhiteElo "1038"]
[BlackElo "714"]
[PlyCount "81"]
[Result "1-0"]

1.e4 e5 2.d3 Bb4+ 3.c3 Ba5 4.b4 Bb6 5.Nf3 Nc6 
6.Qb3 Nf6 7.Ng5 O-O 8.Nd2 d5 9.Ndf3 Bg4 10.h3 Bh5 
11.g4 Bg6 12.exd5 Nxd5 13.h4 a5 14.b5 Na7 15.Ba3 
c5 16.O-O-O Rc8 17.Nxe5 Qd6 {oops}  18.Ngf3 h5 
19.d4 cxd4 20.Bxd6 Rxc3+ {I hate when I do that.}  
21.Qxc3 {yes, I have been doing the same just 
lately, but it has not worked out to bad!}  Nxc3 
{Merry Christmas!}  22.Bxf8 {Yes, and a very merry 
Christmas to you!}  Nxd1 23.Kxd1 Kxf8 24.Nd7+ Ke8 
25.Nxb6 f5 26.Bd3 Kd8 27.Re1 Kc7 28.Nd5+ Kd6 
29.gxf5 Bxf5 30.Bxf5 Kxd5 31.b6 Nb5 32.Re5+ Kc4 
33.Kd2 a4 34.Be6+ Kb4 35.Rxh5 g6 36.Rg5 Nd6 
37.Nxd4 Nc4+ 38.Bxc4 Kxc4 39.Nc2 a3 40.Rxg6 Kd5 
41.h5 1-0

[Event "HCL-B3783"]
[Site "www.playchess.de"]
[Date "2006.01.09"]
[Round "9"]
[White "RUDI"]
[Black "adamcik"]
[WhiteElo "1269"]
[BlackElo "1500"]
[PlyCount "50"]
[Result "0-1"]

1.e4 {hi!}  e6 2.d4 d5 3.exd5 exd5 4.Bf4 Bd6 
5.Bxd6 Qxd6 6.Nc3 c6 7.Bd3 Nf6 8.Qe2+ Be6 9.O-O-O 
O-O 10.Kb1 Nbd7 11.f3 Rae8 12.Qd2 b5 13.Nge2 a5 
14.Ng3 Nb6 15.Nge2 b4 16.Ne4 dxe4 17.fxe4 Nxe4 
18.Bxe4 Bxa2+ 19.Kxa2 Rxe4 20.Ng3 Ree8 21.b3 a4 
22.Rde1 axb3+ 23.Kxb3 Qd5+ 24.c4 bxc3+ 25.Kxc3 
Qc4+ 0-1

[Event "HCL-C3962"]
[Site "www.playchess.de"]
[Date "2006.01.09"]
[Round "9"]
[White "Ruka"]
[Black "JerryReneau"]
[WhiteElo "752"]
[BlackElo "1117"]
[PlyCount "68"]
[Result "0-1"]

1.e4 e5 2.Nf3 d6 3.Nc3 Nf6 4.d3 g6 5.Be2 Bg7 6.Bd2 
O-O 7.O-O Nc6 8.Bg5 h6 9.Be3 Ng4 10.Bd2 Be6 11.h3 
Nf6 12.g4 a6 13.Be3 d5 14.Bc5 Re8 15.exd5 Nxd5 
16.d4 exd4 17.Ne4 Nf4 18.c3 Nxh3+ 19.Kg2 Nf4+ 
20.Kh1 Ne5 21.cxd4 Nxf3 22.Bxf3 Bd5 23.Nc3 Bxf3+ 
24.Qxf3 Qh4+ 25.Kg1 Nh3+ 26.Kg2 Ng5 27.Qxb7 Qxg4+ 
28.Kh1 Qh3+ 29.Kg1 Nf3+ 30.Qxf3 Qxf3 31.Rad1 Rad8 
32.b4 Qg4+ 33.Kh1 Bxd4 34.f3 Qh3+ 0-1

[Event "HCL-C3983"]
[Site "www.playchess.de"]
[Date "2006.01.09"]
[Round "2"]
[White "willi_weizenkeim"]
[Black "Flannery"]
[WhiteElo "997"]
[BlackElo "867"]
[PlyCount "89"]
[Result "1-0"]

1.b4 b5 2.e3 Ba6 3.a4 bxa4 4.Rxa4 Bxf1 5.Kxf1 c6 
6.Nf3 Nf6 7.c4 d5 8.Qb3 e6 9.Ba3 Bd6 10.c5 Bc7 
11.b5 cxb5 12.Qxb5+ Nfd7 13.c6 Nxc6 14.Qxc6 Be5 
15.Nxe5 Rc8 16.Qxd7+ Qxd7 17.Nxd7 Kxd7 18.Rxa7+ 
Ke8 19.Re7+ Kd8 20.Rxf7 g5 21.Ke2 Ke8 22.Rg7 h6 
23.Re7+ Kd8 24.Rxe6 Kd7 25.Rd6+ Ke7 26.Rxd5+ Ke6 
27.Rd6+ Ke5 28.d4+ Kf5 29.Bc5 g4 30.h4 Rcd8 31.f3 
Rxd6 32.Bxd6 gxf3+ 33.gxf3 Ke6 34.Be5 Rg8 35.Rh2 
Rg1 36.Nc3 {i have a question:
i remember an advertisement, a man poiting with a 
finger, stars and stripes hat, telling "do not ask 
what your country can do for you ...." can u 
please explain me the political coherences of that 
and of the area of time}  Rc1 {The man with a 
pointing finger and stars and stripes hat comes 
from a World War I U.S. Army recruiting poster.  
The phrase,"Ask not what your country can do for 
you..." comes from President Kennedy's innaugural 
speech.}  37.Ne4 {thank u for the 
information.

MERY CHRISTMAS !!}  Rc2+ {Merry Christmas!}  
38.Nd2 {u will NOT get my rook :-)}  Kd5 {I 
tried.}  39.e4+ {a weak flicker of hope :-) .... 
may i ask about u're age and about the town u live 
in ?}  Kc6 {I am 42 and have just moved to Broken 
Arrow, Oklahoma.  You?}  40.d5+ {40 yrs, we live 
near 2 cologne in germany, a small town called 
odenthal, google earth knows it, even our small 
street is visible :-))))}  Kd7 {sounds nice.}  
41.Kd3 {u can take a closer look at 
www.odenthal.de}  Ra2 {thank you.  i watched the 
slideshow.  you live in a very nice place.}  42.f4 
{how is live in oklahoma ?}  h5 {it's ok, but i 
like alaska, hawaii, washington, and oregon 
better.}  43.Rg2 {have u lived there before ?}  
Ra3+ {yes, i have lived in those places. i must 
say, though, that people here in broken arrow, 
oklahoma are very nice.}  44.Kc4 {my wife's 
brother worked near mobile alabama, we once 
visited him, flew 2 miami, the rest we got by car 
:-)}  Ra2 {that must have been a nice drive and 
trip. i like road trips. did you get to stay in 
miami awhile?}  45.f5 {we had been to tampa for a 
few days, when we arrived in miami, it was night, 
so we prefered to get our car and look for a motel 
outside the town, a little bit to the north} 
 1-0

[Event "HCL-B3823"]
[Site "www.playchess.de"]
[Date "2006.01.09"]
[Round "15"]
[White "Skipper_Robert"]
[Black "RUDI"]
[WhiteElo "957"]
[BlackElo "1234"]
[PlyCount "64"]
[Result "0-1"]

1.d4 {moin}  d5 {Ich grüße Dich aus 
München-Neuried}  2.Nc3 Nc6 3.e3 Bf5 4.Bb5 Qd7 
5.Nf3 f6 6.Bd2 a6 7.Bxc6 Qxc6 8.O-O O-O-O 9.Re1 e6 
10.a3 Ne7 11.a4 Kb8 12.Qe2 Ng6 13.b3 Bxc2 14.a5 
Bxb3 15.Qd3 Nf4 16.Qb1 Bc4 17.Na4 g5 18.exf4 gxf4 
19.Bxf4 h5 20.Nh4 Be7 21.Ng6 Rh7 22.Bg3 Bd6 
23.Rxe6 Rf7 24.Nc5 Qb5 25.Qe1 Bxc5 26.dxc5 Qxc5 
27.Re8 Rxe8 28.Qxe8+ Ka7 29.Qxf7 Ba2 30.Qxf6 
{nette Idee}  d4 {oder Verzweiflung...}  31.Ne5 
Qc3 32.Nd7 Qxa1+ {von wegen nette Idee!} 
 0-1

[Event "HCL-B3744"]
[Site "www.playchess.de"]
[Date "2006.01.09"]
[Round "4"]
[White "PhilipKaveny"]
[Black "lcarvalho"]
[WhiteElo "1348"]
[BlackElo "1600"]
[PlyCount "45"]
[Result "1-0"]

1.e4 e5 2.Nf3 Nc6 3.Bc4 Nf6 4.Ng5 d5 5.exd5 Nxd5 
6.Nxf7 Kxf7 7.Qf3+ Ke8 8.Bxd5 Qf6 9.Bxc6+ Qxc6 
10.Qxc6+ bxc6 11.O-O Ba6 12.Re1 Bd6 13.d4 Rd8 
14.dxe5 Bb4 15.c3 Bc5 16.b4 Bb6 17.a4 Rd5 18.a5 
Be2 19.axb6 cxb6 20.f4 Rd1 21.Rxd1 Bxd1 22.Rxa7 
Bg4 23.h3 1-0

[Event "HCL-T254"]
[Site "www.playchess.de"]
[Date "2006.01.09"]
[Round "2"]
[White "Ezechiel"]
[Black "stevetilbury"]
[WhiteElo "1786"]
[BlackElo "1523"]
[PlyCount "49"]
[Result "1/2-1/2"]

1.d4 Nf6 2.c4 e6 3.Nc3 Bb4 4.a3 {Here we go - I 
don't play this opening much ... have fun!}  Bxc3+ 
{Hi, I rarely play it these days but wanted to try 
a line as white so entered this 
tournament.

Best wishes}  5.bxc3 c5 6.Bd2 O-O 7.e3 d6 8.g3 Nc6 
9.Bg2 Qc7 10.Bxc6 Qxc6 11.Qf3 Bd7 12.Qxc6 Bxc6 
13.f3 Rfe8 14.a4 b6 15.h3 d5 16.cxd5 Nxd5 17.Ne2 
Nf6 18.O-O c4 19.e4 Rad8 20.a5 b5 21.a6 Nd7 22.Bf4 
e5 23.dxe5 Nxe5 24.Bxe5 Rxe5 25.Nd4 {(offering 
draw)}  1/2-1/2

[Event "HCL-B3823"]
[Site "www.playchess.de"]
[Date "2006.01.09"]
[Round "9"]
[White "Skipper_Robert"]
[Black "val2005"]
[WhiteElo "957"]
[BlackElo "1512"]
[PlyCount "50"]
[Result "0-1"]

1.d4 Nf6 2.Nc3 d5 3.Bf4 a6 4.h3 e6 5.Nf3 Nbd7 6.e3 
c5 7.Bd3 c4 8.Be2 b5 9.b3 b4 10.Na4 c3 11.Ng5 h6 
12.Nf3 Bb7 13.Qd3 Bc6 14.Ne5 Nxe5 15.Bxe5 Ne4 
16.Qd1 Bxa4 17.bxa4 Bd6 18.Bxg7 Qh4 19.g3 Bxg3 
20.O-O Qxh3 21.fxg3 Qxg3+ 22.Kh1 Qh3+ 23.Kg1 Rg8 
24.Rf3 Rxg7+ 25.Rg3 Rxg3+ 0-1

[Event "HCL-T253"]
[Site "www.playchess.de"]
[Date "2006.01.09"]
[Round "3"]
[White "lostpawn2000"]
[Black "hal1958"]
[WhiteElo "1194"]
[BlackElo "1538"]
[PlyCount "68"]
[Result "0-1"]

1.e4 c6 2.d4 d5 3.e5 Bf5 4.Nf3 e6 5.Be2 Nd7 6.Nc3 
Bb4 7.Bd2 Ne7 8.O-O O-O 9.a3 Ba5 10.Na4 Bxd2 
11.Qxd2 b5 12.Nc3 a6 13.Ne1 c5 14.dxc5 Nxc5 15.f4 
Qb6 16.Kh1 Ne4 17.Qc1 Nf2+ 18.Rxf2 Qxf2 19.Qd2 Ng6 
20.Nd1 Qxf4 21.Qc3 Qxe5 22.Qxe5 Nxe5 23.Ne3 Be4 
24.b3 Rac8 25.b4 Rc7 26.Rd1 Rc3 27.Nd3 Nxd3 
28.Bxd3 Bxd3 29.cxd3 Rxa3 30.Nc2 Rc3 31.Nd4 Rfc8 
32.h3 R3c1 33.Rxc1 Rxc1+ 34.Kh2 
Rc3 0-1

[Event "HCL-B3769"]
[Site "www.playchess.de"]
[Date "2006.01.10"]
[Round "5"]
[White "bossjos"]
[Black "pirracas"]
[WhiteElo "1292"]
[BlackElo "1500"]
[PlyCount "84"]
[Result "0-1"]

1.e4 c5 {Hi from Xalapa, Mexico}  2.Nf3 
{hello
from near Rotterdam Netherlands}  Nc6 3.Bb5 Qb6 
4.Nc3 a6 5.Bxc6 Qxc6 6.d4 cxd4 7.Qxd4 d6 8.O-O Bg4 
9.Qd3 Nf6 10.Nd4 Qc7 11.h3 Bh5 12.Nf5 e6 13.Ng3 
Bg6 14.Bf4 Qb6 15.Rab1 d5 16.Be3 Bc5 17.Bxc5 Qxc5 
18.Qf3 O-O 19.e5 Nd7 20.Rfe1 Bxc2 21.Rbc1 Bg6 
22.Nce4 Qe7 23.Nd6 Nxe5 24.Rxe5 Qxd6 25.Ree1 Rac8 
26.h4 Rxc1 27.Rxc1 f6 28.h5 Be4 29.Nxe4 dxe4 
30.Qxe4 Qd5 31.Qa4 Qxh5 32.Qd7 Qf7 33.Rc7 Qxd7 
34.Rxd7 Rb8 35.Kf1 h5 36.Ke2 Kh7 37.Ke3 Kh6 38.f3 
g5 39.Rd6 Re8 40.Ke4 Kg6 41.g3 h4 42.gxh4 
gxh4 0-1

[Event "HCL-A2529"]
[Site "www.playchess.de"]
[Date "2006.01.10"]
[Round "13"]
[White "carrillero"]
[Black "HOTSUN"]
[WhiteElo "1598"]
[BlackElo "1620"]
[PlyCount "54"]
[Result "1-0"]

1.d4 {Hi, good luck}  d5 {hi  i havent seen you 
for a long time}  2.c4 {I played in E several 
games... until i was demoted :-(}  Nc6 {yes i go 
up and down like a yoyo as well}  3.e3 {¿yoyo? 
Hahaha... Well, it's good to play again in A. 
Perhaps i can win 1 or 2 games}  e6 {1 or 2 you 
should do better your the 2nd highest rated  in 
this gruop.my nearest rival for the championship.} 
 4.Nc3 {I am losing many games; maybe it is 
Alzheimer ;-)}  Bb4 {i find you win a bit then for 
an unknown reason you start going throu a losing 
spell.}  5.Qc2 {Now i work more hours/day. That´s 
why i think i'm loosing more games. If i'm wrong, 
then it is Alzheimer ;)}  Nf6 {ok}  6.cxd5 Nxd5 
7.Nf3 O-O 8.Bd3 Nxc3 9.bxc3 Ba5 10.Bxh7+ Kh8 
11.Be4 Bd7 12.Ba3 Re8 13.Bxc6 Bxc6 14.Ne5 Kg8 
15.Nxc6 bxc6 16.O-O Bb6 17.Qe4 Qd5 18.Qd3 c5 
19.Qc2 cxd4 20.cxd4 e5 21.dxe5 Qxe5 22.Bb2 Qe4 
23.Qc3 Qg6 24.Rfd1 Rad8 25.Rd2 Qg5 26.Rad1 Ba5 
27.R2xd8 Rxd8 1-0

[Event "ACL-M080"]
[Site "www.playchess.de"]
[Date "2006.01.10"]
[Round "8"]
[White "TheWiseBaboon"]
[Black "jrpechie"]
[WhiteElo "2204"]
[BlackElo "1882"]
[PlyCount "69"]
[Result "1/2-1/2"]

1.e4 {Good luck!}  c5 {Thank you. Good luck to 
you.}  2.Nf3 d6 3.d4 cxd4 4.Nxd4 Nf6 5.Nc3 a6 
6.Bc4 e6 7.Bb3 b5 8.Bg5 Be7 9.Qf3 Qc7 10.e5 Bb7 
11.exd6 Bxd6 12.Qe3 Bc5 13.O-O-O Nc6 14.Bxf6 gxf6 
15.Nd5 Qd8 16.Qf4 Nxd4 17.Nxf6+ Ke7 18.Rhe1 Rc8 
19.c3 Nxb3+ 20.axb3 Bd6 21.Qh4 h5 22.Ne4+ Kf8 
23.Qxd8+ Rxd8 24.Nxd6 Bxg2 25.c4 Rg8 26.c5 Rg4 
27.Rd3 Rf4 28.f3 Rd7 29.Kd2 Rxf3 30.Rxf3 {Merry 
Christmas and Happy New Year!}  Bxf3 {Thank you. 
Same to you.}  31.b4 Bd5 32.Ke3 Ra7 33.Ra1 Bc6 
34.Rg1 a5 35.Rg5 {(offering draw)} 
 1/2-1/2

[Event "HCL-B3695"]
[Site "www.playchess.de"]
[Date "2006.01.10"]
[Round "7"]
[White "pacman"]
[Black "Phenomium"]
[WhiteElo "1200"]
[BlackElo "1201"]
[PlyCount "129"]
[Result "1-0"]

1.d4 d5 2.e3 Nc6 3.Bd2 e5 4.dxe5 Nxe5 5.f4 Bg4 
6.Bb5+ c6 7.Ne2 Nd7 8.Bd3 Ngf6 9.h3 Bf5 10.Bxf5 
Nc5 11.Nd4 g6 12.Bg4 Bg7 13.Nb3 Nce4 14.Ba5 b6 
15.Bc3 O-O 16.Qd3 Ng3 17.Rg1 Re8 18.Nd4 c5 19.Nc6 
c4 20.Qd4 Qd6 21.Ne5 h5 22.Bf3 Qc7 23.Na3 Nf5 
24.Qd2 Qc5 25.b4 Qxe3+ 26.Qxe3 Nxe3 27.Kd2 Nf5 
28.Nc6 Bh6 29.g4 Bxf4+ 30.Kd1 Ne3+ 31.Kc1 Nexg4+ 
32.Bd2 Ne5 33.Bxf4 Nxf3 34.Rg3 Re1+ 35.Kb2 c3+ 
36.Kxc3 Rc8 37.Rxe1 Nxe1 38.Kd2 Rxc6 39.Kxe1 Re6+ 
40.Re3 d4 41.Rxe6 fxe6 42.Be5 Nd7 43.Bxd4 g5 
44.Kf2 e5 45.Be3 g4 46.hxg4 h4 47.Kg2 Kg7 48.Nb5 
a5 49.bxa5 bxa5 50.Kh3 e4 51.Kxh4 Ne5 52.g5 Ng6+ 
53.Kh5 a4 54.c4 Ne7 55.Bd4+ Kf7 56.Kh6 Nf5+ 57.Kh5 
e3 58.g6+ Kg8 59.Kg5 e2 60.Bc3 Kf8 61.Kxf5 Kg8 
62.Nd6 Kf8 63.Kf6 Kg8 64.g7 Kh7 {(offering draw)}  
65.Kf7 1-0

[Event "HCL-E1509"]
[Site "www.playchess.de"]
[Date "2006.01.10"]
[Round "6"]
[White "Eishockeytorwart"]
[Black "PLAYCHESS1963"]
[WhiteElo "1944"]
[BlackElo "1759"]
[PlyCount "53"]
[Result "1-0"]

1.e4 {welcome  from Germany (Mönchengladbach)}  c5 
{Hi from Chicago, how is Borusia doing?}  2.Nf3 
{borussia playing a very good saison place 5}  d6 
{Good...I remember Borussia from more than 20 
years ago...one of the strongest teams in 

Europe}  3.d4 cxd4 4.Bb5+ Bd7 5.Nxd4 Nf6 6.Nc3 a6 
7.Be2 e6 8.O-O Be7 9.Bg5 Qc7 10.Qd2 Nc6 11.Rad1 h6 
12.Bxf6 gxf6 13.Nb3 b5 14.Qe3 Ne5 15.Rd4 h5 16.f4 
Ng4 17.Qd2 Qa7 18.Kh1 e5 19.fxe5 dxe5 20.Rd3 Nf2+ 
21.Rxf2 Qxf2 22.Rxd7 Rg8 23.Rd8+ Rxd8 24.Bxb5+ 
axb5 25.Qxf2 Rg4 26.h3 Rf4 27.Qe2 1-0

[Event "HCL-E1521"]
[Site "www.playchess.de"]
[Date "2006.01.10"]
[Round "7"]
[White "Matu"]
[Black "Eishockeytorwart"]
[WhiteElo "1532"]
[BlackElo "1944"]
[PlyCount "100"]
[Result "0-1"]

1.e4 e5 {hallo auf ein Neues}  2.Nf3 {hallo und 
viel glück}  Nc6 3.Bc4 Bc5 4.O-O Nf6 5.d3 d6 6.a4 
O-O 7.c3 Bg4 8.b4 Nxb4 9.cxb4 Bxb4 10.Ba3 Bxa3 
11.Rxa3 c6 12.Nbd2 d5 {wünsche ein schönes 
weihnachtsfest}  13.Ba2 {danke gleichfalls}  Qe7 
14.Rb3 Rad8 15.Qa1 dxe4 16.Nxe5 Be6 17.Rb2 Bxa2 
18.Rxa2 Rfe8 19.f4 exd3 20.a5 Nd5 21.a6 f6 22.axb7 
fxe5 23.fxe5 Rdb8 24.Rxa7 Rxb7 25.Rxb7 Qxb7 26.Qd4 
Qb6 27.Qxb6 Nxb6 28.Rf3 Rxe5 29.Rxd3 Rd5 30.Rxd5 
Nxd5 31.Kf2 Kf7 32.Ke2 Ke6 33.Ne4 Ke5 34.Ng5 Nf4+ 
35.Kf3 Ne6 36.Nh3 Kd4 37.Nf2 c5 38.h4 c4 39.Nd1 c3 
40.Nxc3 Kxc3 41.Ke4 Kd2 42.Ke5 Nf8 43.Kd6 h5 
44.Ke5 Ke3 45.Kf5 g6+ 46.Kg5 Kf2 47.g4 Ne6+ 
48.Kxg6 hxg4 49.h5 g3 50.h6 g2 0-1

[Event "HCL-A2537"]
[Site "www.playchess.de"]
[Date "2006.01.10"]
[Round "13"]
[White "schlueter"]
[Black "Matu"]
[WhiteElo "1574"]
[BlackElo "1523"]
[PlyCount "97"]
[Result "1-0"]

1.d4 Nf6 2.Nf3 e6 3.c4 Bb4+ 4.Bd2 Qe7 5.e3 O-O 
6.Bd3 d5 7.c5 Bxd2+ 8.Nbxd2 a5 9.Ne5 b6 10.cxb6 
cxb6 11.O-O Bb7 12.Qb3 Nbd7 13.Nxd7 Nxd7 14.Rac1 
Rfc8 15.Nf3 Qd6 16.Bb5 Bc6 17.Rc3 Bxb5 18.Qxb5 
Rxc3 19.bxc3 Rc8 20.Rc1 Qc6 21.Qb2 b5 22.a3 Nb6 
23.Ne5 Qd6 24.g3 Nc4 25.Qxb5 Nxe5 26.dxe5 Qxe5 
27.Qxa5 g6 28.Qb4 Rc4 29.Qb3 Qc7 30.Kg2 Qa5 31.h4 
Kf8 32.Qb8+ Ke7 33.Rb1 h5 34.Rb7+ Kf6 35.Qh8+ Kf5 
36.Rxf7+ Ke4 37.Rf4+ Kd3 38.Rxc4 Kxc4 39.Qd4+ Kb5 
40.Qb4+ Ka6 41.Kf3 Qc7 42.a4 e5 43.Qb5+ Ka7 
44.Qxd5 Qxc3 45.Qf7+ Kb8 46.Qxg6 Qb3 47.Qe8+ Ka7 
48.Qxe5 Qxa4 49.Qd4+ 1-0

[Event "HCL-C3911"]
[Site "www.playchess.de"]
[Date "2006.01.10"]
[Round "4"]
[White "Johan"]
[Black "epenz"]
[WhiteElo "1155"]
[BlackElo "852"]
[PlyCount "79"]
[Result "1-0"]

1.e4 {good luck}  e5 {thanks..you too}  2.Nf3 Nc6 
3.Bc4 h6 4.d4 d6 5.d5 Nce7 6.h3 c6 7.O-O Nf6 8.Be3 
cxd5 9.Bxd5 Nexd5 10.exd5 b5 11.b3 Bb7 12.c4 bxc4 
13.bxc4 Ba6 14.Qa4+ Nd7 15.Qxa6 Be7 16.Qa3 O-O 
17.Nc3 Nb6 18.Qb4 f6 19.Ne4 Rc8 20.Rac1 Qd7 21.c5 
Nxd5 22.Qa5 Rc7 23.Rfd1 Nxe3 24.fxe3 Rfc8 25.Nxd6 
Ra8 26.Rc4 Rb8 27.Qc3 Qe6 28.a4 Bxd6 29.Rxd6 Qe7 
30.e4 Rxc5 31.Rxf6 gxf6 32.Rxc5 Qe8 33.Rc6 Rb1+ 
34.Kf2 Rb8 35.Rxf6 Kg7 36.Ra6 Qf7 37.Qxe5+ Kg8 
38.Qxb8+ Kg7 39.Rxa7 Qxa7+ 40.Qxa7+ 1-0

[Event "HCL-A2532"]
[Site "www.playchess.de"]
[Date "2006.01.10"]
[Round "1"]
[White "q77ro"]
[Black "pawnstorm"]
[WhiteElo "1469"]
[BlackElo "1529"]
[PlyCount "35"]
[Result "1-0"]

1.e4 c5 2.Nf3 e6 3.d4 cxd4 4.Nxd4 Nc6 5.Bc4 Nf6 
6.Nc3 a6 7.Bg5 d6 8.O-O Nxd4 9.Qxd4 Be7 10.Rad1 
Bd7 11.Bxf6 gxf6 12.f4 Bc6 13.f5 Rg8 14.Rf2 Qc7 
15.fxe6 fxe6 16.Bxe6 Rg7 17.Nd5 Bxd5 
18.exd5 1-0

[Event "HCL-T244"]
[Site "www.playchess.de"]
[Date "2006.01.10"]
[Round "8"]
[White "golddim"]
[Black "manifold"]
[WhiteElo "1468"]
[BlackElo "1638"]
[PlyCount "62"]
[Result "0-1"]

1.e4 e5 2.f4 exf4 {Hi!}  3.Nf3 {Hi}  g5 4.Bc4 Bg7 
5.h4 g4 6.Ng5 Nh6 7.d4 f6 8.Bxf4 Qe7 9.O-O fxg5 
10.Bxg5 Qb4 11.Bxh6 Bxh6 12.Bf7+ Ke7 13.Nc3 Kd8 
14.e5 Nc6 15.Qxg4 Nxe5 16.Qh5 Qxd4+ 17.Kh1 Ng4 
18.Rad1 Nf2+ 19.Rxf2 Qxf2 20.Ne4 Qf4 21.Ng5 Bxg5 
22.hxg5 Qf5 23.Kg1 d6 24.Rd5 Qxc2 25.g6 Qc1+ 
26.Kh2 Qf4+ 27.Kg1 Qf6 28.gxh7 c6 29.Rd1 Bf5 
30.Rf1 Qd4+ 31.Kh1 Rxh7 0-1

[Event "HCL-B3704"]
[Site "www.playchess.de"]
[Date "2006.01.10"]
[Round "12"]
[White "bossjos"]
[Black "gryphon"]
[WhiteElo "1287"]
[BlackElo "1264"]
[PlyCount "93"]
[Result "1-0"]

1.e4 e5 {G'day}  2.Nf3 {greetings from holland}  
Nf6 3.Nxe5 d6 4.Nf3 Nxe4 5.d4 Bg4 6.Be2 d5 7.O-O 
g6 8.h3 Be6 9.Nbd2 Bg7 10.Nxe4 dxe4 11.Ng5 O-O 
12.Nxe6 fxe6 13.Be3 Nc6 14.c3 Qd5 15.c4 Qd7 16.d5 
exd5 17.cxd5 Ne7 18.Bc4 Kh8 19.Bd4 Nf5 20.Bc3 e3 
21.Bxg7+ Kxg7 22.Re1 Rae8 23.fxe3 Qf7 24.e4 Nh4 
25.Qd4+ Kh6 26.Qe3+ Kg7 27.Ref1 Qe7 28.Rxf8 Rxf8 
29.Rf1 Rxf1+ 30.Bxf1 Nf5 31.Qc3+ Qf6 32.Qxf6+ Kxf6 
33.exf5 Kxf5 34.Bc4 Ke5 35.Kf2 Kd4 36.b3 a6 37.Kf3 
b5 38.Be2 Kxd5 39.Ke3 c5 40.Bf3+ Ke5 41.Bb7 a5 
42.g3 h5 43.h4 Kf5 44.Bc8+ Ke5 45.Bd7 b4 46.Be8 a4 
47.Bxa4 1-0

[Event "HCL-M864"]
[Site "www.playchess.de"]
[Date "2006.01.10"]
[Round "13"]
[White "boniek"]
[Black "Harijs"]
[WhiteElo "1810"]
[BlackElo "1832"]
[PlyCount "40"]
[Result "0-1"]

1.d4 {hallo wish you a good game}  Nf6 {Hello from 
Latvia! good game.}  2.Nc3 d5 3.e4 Nxe4 4.Nxe4 
dxe4 5.Bc4 Nc6 6.c3 e5 7.d5 Ne7 8.Qa4+ Bd7 9.Qb3 
Nf5 10.d6 Nxd6 11.Ne2 b5 12.Bxf7+ Nxf7 13.Ng3 Bc5 
14.Nxe4 Be7 15.Be3 Bc6 16.Rd1 Qc8 17.Ng3 Bxg2 
18.Rg1 Bf3 19.Rd2 a6 20.Nf5 Qxf5 0-1

[Event "HCL-A2537"]
[Site "www.playchess.de"]
[Date "2006.01.10"]
[Round "8"]
[White "kikkone"]
[Black "yannick"]
[WhiteElo "1805"]
[BlackElo "1635"]
[PlyCount "71"]
[Result "1-0"]

1.e4 d6 2.d4 Nf6 3.Nc3 g6 4.Nf3 Bg7 5.Be2 O-O 
6.O-O Bg4 7.Be3 Nc6 8.Qd2 e5 9.d5 Ne7 10.Rad1 Qd7 
11.h3 Bxf3 12.Bxf3 Ne8 13.Be2 f5 14.f3 f4 15.Bf2 
Nf6 16.Bb5 Qd8 17.a4 a6 18.Bc4 Qd7 19.a5 Kh8 20.b4 
c6 21.Na4 Rae8 22.dxc6 Qxc6 23.Nb6 Nxe4 24.fxe4 
Qxe4 25.Qxd6 Qxc2 26.Rdc1 Qb2 27.Na4 Qa3 28.Rca1 
Qxa1 29.Rxa1 Nf5 30.Qb6 e4 31.Rd1 e3 32.Be1 Re4 
33.Rd8 Rxc4 34.Rxf8+ Bxf8 35.Qf6+ Kg8 
36.Qe6+ 1-0

[Event "HCL-B3785"]
[Site "www.playchess.de"]
[Date "2006.01.10"]
[Round "18"]
[White "GMO"]
[Black "dynamike"]
[WhiteElo "1304"]
[BlackElo "1479"]
[PlyCount "94"]
[Result "0-1"]

1.e4 c5 2.Bc4 e6 3.Nf3 Nc6 4.a3 Qc7 5.Nc3 a6 6.O-O 
Nf6 7.d3 Be7 8.h3 O-O 9.Qe2 Re8 10.Re1 b5 11.Ba2 
Bb7 12.a4 b4 13.Nd1 d6 14.Bf4 Rad8 15.e5 dxe5 
16.Nxe5 Nxe5 17.Bxe5 Qc6 18.f3 Qxa4 19.Nf2 Qc6 
20.Bc4 Nd7 21.Bb3 Nxe5 22.Qxe5 Bf6 23.Qe2 Bxb2 
24.Rab1 Bc3 25.Red1 a5 26.Ne4 Bd4+ 27.Kh1 a4 
28.Bc4 Ba6 29.Ba2 f5 30.Nd2 Kh8 31.Nc4 e5 32.Na5 
Qc7 33.Nc4 Bb7 34.Qe1 Qe7 35.Nb6 Bc6 36.Nc4 Qg5 
37.Na5 Bd5 38.Bxd5 Rxd5 39.Nc4 Re6 40.Qf1 Rd8 
41.Nd2 a3 42.Nb3 Be3 43.Qe2 Rh6 44.Rde1 Bf4 
45.Nxc5 Qg3 46.Kg1 Rxh3 47.Qf2 
Rh1+ 0-1

[Event "HCL-A2486"]
[Site "www.playchess.de"]
[Date "2006.01.10"]
[Round "2"]
[White "SWGeneral"]
[Black "Erik"]
[WhiteElo "1313"]
[BlackElo "1429"]
[PlyCount "52"]
[Result "0-1"]

1.e4 {Hallo und Gut Holz :D}  e5 {Auch hallo und 
viel Glück!}  2.Bc4 Nf6 3.Nf3 d5 4.exd5 Nxd5 5.d3 
Nc6 6.Nc3 Be6 7.Nxd5 Bxd5 8.Bb5 Qd6 9.O-O Be7 
10.Re1 f6 11.c4 Be6 12.a3 O-O-O 13.b4 Bd7 14.Bb2 
g5 15.Qe2 Rhe8 16.Qe4 f5 17.Qe3 f4 18.Qe4 h6 
19.Rab1 a6 20.Ba4 Bf6 21.Bb3 Nd4 22.Nxd4 exd4 
23.Qg6 Be5 24.Qxd6 cxd6 25.Rbd1 Bf6 26.Kf1 
Rxe1+ 0-1

[Event "HCL-E1465"]
[Site "www.playchess.de"]
[Date "2006.01.10"]
[Round "14"]
[White "Vinci"]
[Black "Jure"]
[WhiteElo "1648"]
[BlackElo "1618"]
[PlyCount "48"]
[Result "0-1"]

1.e4 {hi and greetings from zürich and nice game}  
c5 2.Nf3 Nc6 3.d4 cxd4 4.Nxd4 Qc7 5.Nc3 e6 6.Be3 
a6 7.Qd2 Nf6 8.f3 b5 9.O-O-O Bb7 10.g4 d6 11.g5 
Nd7 12.Bg2 Be7 13.h4 Na5 14.b3 Rc8 15.Nce2 O-O 
16.Nf4 Ne5 17.Nfxe6 fxe6 18.Nxe6 Qc6 19.Nxf8 Bxf8 
20.f4 Nec4 21.bxc4 {great move}  Nxc4 22.Qe2 Nxe3 
23.Rde1 Nxc2 24.e5 Qxg2 0-1

[Event "HCL-A2407"]
[Site "www.playchess.de"]
[Date "2006.01.10"]
[Round "22"]
[White "Glomp"]
[Black "G501"]
[WhiteElo "1628"]
[BlackElo "1441"]
[PlyCount "71"]
[Result "1-0"]

1.e4 e5 2.Bc4 d6 3.Nf3 Bg4 4.d4 Nc6 5.c3 Be7 6.Be3 
Nf6 7.d5 Nb8 8.Bd3 O-O 9.O-O c6 10.c4 cxd5 11.cxd5 
Nbd7 12.h3 Bh5 13.Nc3 a6 14.a4 b6 15.Be2 Bg6 
16.Nd2 h6 17.f4 Qb8 18.f5 Bh7 19.g4 Ne8 20.Nf3 f6 
21.Kg2 Kh8 22.Rh1 Nc5 23.b4 Nd7 24.h4 Rg8 25.g5 
fxg5 26.hxg5 Bxg5 27.Bxg5 Nef6 28.Be3 Ng4 29.Bd2 
Ndf6 30.Rh4 a5 31.b5 Rc8 32.Qh1 Rc7 33.Ra3 Qf8 
34.Nh2 Nxh2 35.Qxh2 {Merry Christmas!}  Raa7 
36.Bd1 1-0